Measures on infinite dimensional spaces
This is book introduction about extendability of a family of measures to additive measure, invariance and quasi-invariance of measures on infinite dimensional spaces.
Saved in:
| Main Author: | |
|---|---|
| Format: | Book |
| Language: | Undetermined |
| Published: |
Singapore
World Scientific
1985
|
| Subjects: | |
| Tags: |
Add Tag
No Tags, Be the first to tag this record!
|
| Institutions: | Trung tâm Học liệu Trường Đại học Cần Thơ |
|---|
| LEADER | 00790nam a2200217Ia 4500 | ||
|---|---|---|---|
| 001 | CTU_156098 | ||
| 008 | 210402s9999 xx 000 0 und d | ||
| 020 | |c 39.97 | ||
| 082 | |a 515.42 | ||
| 082 | |b Y11 | ||
| 100 | |a Yamasaki, Y. | ||
| 245 | 0 | |a Measures on infinite dimensional spaces | |
| 245 | 0 | |c Y. Yamasaki | |
| 260 | |a Singapore | ||
| 260 | |b World Scientific | ||
| 260 | |c 1985 | ||
| 520 | |a This is book introduction about extendability of a family of measures to additive measure, invariance and quasi-invariance of measures on infinite dimensional spaces. | ||
| 650 | |a Measure theory,Generalized spaces,Lý thuyết đo lường | ||
| 904 | |i QHieu | ||
| 910 | |a Trúc sửa cutter Y11/Vol.5 thành Y11 | ||
| 980 | |a Trung tâm Học liệu Trường Đại học Cần Thơ | ||